Central Library OPAC University of Rajshahi

New understandings of administration. (Record no. 38032)

MARC details
000 -LEADER
fixed length control field 00874nam a2200313 a 4500
001 - CONTROL NUMBER
control field 38032
003 - CONTROL NUMBER IDENTIFIER
rucl marc code MCM
005 - DATE AND TIME OF LATEST TRANSACTION
control field 20211209052717.0
008 - FIXED-LENGTH DATA ELEMENTS--GENERAL INFORMATION
fixed length control field 150830r19661961nyu b 000 0 eng
035 ## - SYSTEM CONTROL NUMBER
System control number (BD-RjUL)38137
System control number (OCoLC)00503759
040 ## - CATALOGING SOURCE
Original cataloging agency DLC
Transcribing agency CSU
Modifying agency CHS
-- OCL
-- SER
-- MYG
-- BD-RjUL
Language of cataloging eng
041 ## - LANGUAGE CODE
Language code of text/sound track or separate title eng
082 ## - DEWEY DECIMAL CLASSIFICATION NUMBER
Classification number 361
Author mark and year TRN 1966
090 ## - LOCALLY ASSIGNED LC-TYPE CALL NUMBER (OCLC); LOCAL CALL NUMBER (OCLC)
Classification number (OCLC) (R) ; Classification number, CALL (RLIN) (NR) HV40
Local cutter number (OCLC) ; Book number/undivided call number, CALL (RLIN) .T73x 1961
096 ## - LOCALLY ASSIGNED NLM-TYPE CALL NUMBER (OCLC)
Classification number HM 131 T785n 1961
100 1# - MAIN ENTRY--PERSONAL NAME
Personal name Trecker, Harleigh Bradley,
Dates associated with a name 1911-
9 (RLIN) 117771
245 10 - TITLE STATEMENT
Title New understandings of administration.
260 ## - PUBLICATION, DISTRIBUTION, ETC. (IMPRINT)
Place of publication, distribution, etc. New York :
Name of publisher, distributor, etc. Association Press,
Date of publication, distribution, etc. c1961 [1966]
300 ## - PHYSICAL DESCRIPTION
Pagination 245 p. ;
Size 21 cm.
504 ## - BIBLIOGRAPHY, ETC. NOTE
Bibliography, etc Includes bibliography.
650 #0 - SUBJECT ADDED ENTRY--TOPICAL TERM
Topical term or geographic name as entry element Management.
9 (RLIN) 117772
Topical term or geographic name as entry element Charity organization.
9 (RLIN) 117773
942 ## - ADDED ENTRY ELEMENTS (KOHA)
Source of classification or shelving scheme Dewey Decimal Classification
Koha item type Books
946 ## - LOCAL PROCESSING INFORMATION (OCLC)
a t
949 ## - LOCAL PROCESSING INFORMATION (OCLC)
a c
p 39080021950776
Holdings
Lost status Source of classification or shelving scheme Damaged status Not for loan Collection code Permanent Location Current Location Shelving location Date acquired Total Checkouts Full call number Date last seen Date checked out Copy number Koha item type Source of acquisition Cost, normal purchase price
  Dewey Decimal Classification     Non-fiction Central Library, University of Rajshahi Central Library, University of Rajshahi   30/08/2015 8 361 TRN 1966 21/08/2023 09/08/2023 C-2 Books    
  Dewey Decimal Classification   Not For Loan Non-fiction Central Library, University of Rajshahi Central Library, University of Rajshahi Reading Room 25/09/1965   361 TRN 1966 20/12/2016   C-1 Books Zeitlinger 26.00